000 00656nam a2200241Ia 4500
003 OSt
005 20220918220554.0
006 a|||||r|||| 00| 0
007 ta
008 220917b |||||||| |||| 00| 0 eng d
024 _a146,459
037 _cTextual
040 _aARTS
_cARTS
_beng
041 _2eng
_aeng
082 _aY38:38(K96371), L7
100 _aThankappan Nair P
_9137845
245 0 _aPeacock
_b the national bird of India
260 _aCalcutta
_bFirma K L M
_c1977
300 _axv, 340p.
_ccm.
650 _aSOCIOLOGY
942 _hY38:38(K96371), L7
_cTEXL
_2CC
999 _c269215
_d269215